000 00926nam a2200265 i 4500
001 124719
003 ES-MaACL
005 20230906192500.0
007 t|
008 070418s1924 sp ||||1| spa d
080 _a820-221"19"
100 1 _aHamilton, Charles.
_961656
245 1 0 _aBridge
_b: Comedia en tres actos /
_coriginal de Carlos Hamilton y Pierre Berton ; versión castellana de Luis Gabaldón y E.F. Gutiérrez-Roíg.
260 _a[Madrid :
_bLa Novela Teatral,
_c1924]
300 _a18 h. ;
_c20 cm.
490 1 _aLa novela teatral ;
_v383
500 _aEn la cub. caricatura de Juan Belmonte por Tovar.
700 1 _aBerton, Pierre.
_928485
700 1 _aGabaldón, Luis.
_953114
700 1 _aGutiérrez-Roig, Enrique F.
_961218
700 0 _aTovar
_c, ilustrador.
_9157378
830 0 _aLa novela teatral ;
_v383
_9122427
852 _aES-MaACL
_j2216-F-37
_bR.138811
999 _c124719
_d124719